|
|
|
|
| LEADER |
00000nta a2200000 i 4500 |
| 001 |
dolg19948 |
| 005 |
20181217110555.0 |
| 008 |
181217suuuu hu om 000 hun d |
| 040 |
|
|
|a BGE Dolgozattár Repozitórium
|b hun
|
| 041 |
|
|
|a hu
|
| 100 |
1 |
|
|a Csiernik Lehel
|
| 245 |
1 |
0 |
|a Egy kiskereskedelmi egység közösségi média megjelenésének megtervezése
|c Csiernik Lehel
|h [elektronikus dokumentum]
|
| 695 |
|
|
|a Közösségi média
|
| 695 |
|
|
|a Marketing
|
| 695 |
|
|
|a Facebook
|
| 700 |
1 |
|
|a Brávácz Ibolya
|e ths
|
| 856 |
4 |
0 |
|u http://dolgozattar.uni-bge.hu/19948/1/Csiernik%20Lehel_G695ZW_%20Szakdolgozat.pdf
|z Dokumentum-elérés
|